[Event "Wch Juvenil 2013 sub-16"]
[Site "Al-Ain UAE"]
[Date "2013.12.26"]
[Round "9.4"]
[White "Girish, A. Koushik"]
[Black "Sibashvili, Giorgi"]
[Result "1-0"]
[WhiteElo "2413"]
[BlackElo "2173"]
[PlyCount "136"]
[EventDate "2013.12.19"]
[EventType "swiss"]
[EventRounds "11"]
[EventCountry "UAE"]
[Source "lmi"]
[SourceDate "2013.12.19"]

1. Nf3 c5 2. c4 Nc6 3. Nc3 g6 4. e3 Nf6 5. Be2 Bg7 6. O-O O-O 7. d4 cxd4 8.
Nxd4 d5 9. cxd5 Nxd5 10. Bf3 Nxc3 11. bxc3 Ne5 12. Be4 Qc7 13. Rb1 a6 14. Qb3
Rb8 15. Rd1 Ng4 16. g3 e5 17. Nc6 Be6 18. Qb6 Qxb6 19. Ne7+ Kh8 20. Rxb6 Rfd8
21. Rxd8+ Rxd8 22. Kg2 Rd1 23. Rxb7 Bf6 24. Ba3 Bc4 25. Rb1 Rd2 26. Nd5 Kg7 27.
Nxf6 Rxf2+ 28. Kg1 Kxf6 29. Bc5 Rxa2 30. Bg2 Kg7 31. h3 Nf2 32. Bd6 Nd3 33. Bf1
Kf6 34. e4 Ke6 35. Bb8 Rd2 36. Rb6+ Ke7 37. Rb7+ Kd8 38. Rc7 Be6 39. Rc6 Ne1
40. Rd6+ Rxd6 41. Bxd6 Kd7 42. Bb4 Nf3+ 43. Kf2 Nd2 44. Bxa6 Nxe4+ 45. Kg2 Nd6
46. Be2 Bd5+ 47. Kg1 f5 48. h4 Ke6 49. Bf1 Ne4 50. c4 Nxg3 51. cxd5+ Kxd5 52.
Bg2+ e4 53. Kf2 f4 54. Bd2 Nh5 55. Ba5 Nf6 56. Bh3 Kd4 57. Bb6+ Kd3 58. Be6 h5
59. Bc7 f3 60. Bc8 Ng4+ 61. Kg3 Kd2 62. Ba5+ Kd1 63. Bd7 f2 64. Bxg4+ hxg4 65.
Kxf2 Kc2 66. Ke3 g3 67. Kxe4 g2 68. Bb6 Kd2 1-0

[Event "Wch Juvenil 2013 sub-16"]
[Site "Al-Ain UAE"]
[Date "2013.12.26"]
[Round "9.5"]
[White "Vavulin, Maksim"]
[Black "Popov, Kirill"]
[Result "1/2-1/2"]
[WhiteElo "2410"]
[BlackElo "2158"]
[PlyCount "119"]
[EventDate "2013.12.19"]
[EventType "swiss"]
[EventRounds "11"]
[EventCountry "UAE"]
[Source "lmi"]
[SourceDate "2013.12.19"]

1. e4 e6 2. d4 d5 3. Nd2 c5 4. Ngf3 cxd4 5. exd5 Qxd5 6. Bc4 Qd6 7. O-O Nf6 8.
Nb3 Nc6 9. Nbxd4 Nxd4 10. Nxd4 a6 11. Re1 Bd7 12. Bg5 O-O-O 13. Re3 Bc6 14. Rd3
Be4 15. Nb5 Qe7 16. Na7+ Kc7 17. Rxd8 Qxd8 18. Qxd8+ Kxd8 19. Rd1+ Kc7 20. Bf4+
Kb6 21. Nc8+ Kc6 22. Rd8 Rg8 23. Na7+ Kb6 24. Nc8+ Kc6 25. Be5 Bb4 26. Na7+ Kb6
27. Nc8+ Kc6 28. Bxf6 Rxd8 29. Bxd8 Kd7 30. Bb6 Kxc8 31. c3 Bd6 32. f3 Bc6 33.
Bd3 g6 34. Kf2 Kd7 35. g3 e5 36. Bc4 f5 37. Bg8 Ke7 38. Ke3 h5 39. Bc4 g5 40.
Kf2 g4 41. fxg4 hxg4 42. Bf1 Kd7 43. h3 gxh3 44. Bxh3 Be4 45. a4 Kc6 46. a5 f4
47. Bf1 fxg3+ 48. Kxg3 Bc5 49. Bxc5 Kxc5 50. b4+ Kd5 51. Kf2 Bc2 52. Ke3 e4 53.
c4+ Ke5 54. b5 axb5 55. cxb5 Kd5 56. b6 Kc5 57. Ba6 Kb4 58. Bxb7 Kxa5 59. Bxe4
Kxb6 60. Bxc2 1/2-1/2

[Event "Wch Juvenil 2013 sub-16"]
[Site "Al-Ain UAE"]
[Date "2013.12.26"]
[Round "9.6"]
[White "Das, Sayantan"]
[Black "Wang, Yiye"]
[Result "0-1"]
[WhiteElo "2377"]
[BlackElo "2408"]
[PlyCount "86"]
[EventDate "2013.12.19"]
[EventType "swiss"]
[EventRounds "11"]
[EventCountry "UAE"]
[Source "lmi"]
[SourceDate "2013.12.19"]

1. e4 e6 2. d4 d5 3. Nc3 Bb4 4. e5 c5 5. a3 Bxc3+ 6. bxc3 Ne7 7. Nf3 Qc7 8. h4
Nbc6 9. h5 h6 10. Bf4 Bd7 11. Be2 Qa5 12. Bd2 c4 13. Qc1 Qa4 14. O-O O-O-O 15.
Nh2 Rdf8 16. Re1 Rh7 17. Bg4 Nb8 18. Bf4 Na6 19. Rb1 Nc7 20. Qd2 Nb5 21. Ra1
Nc6 22. Nf1 Rhh8 23. Bg3 Kb8 24. f4 Ka8 25. Bf3 f5 26. exf6 Rxf6 27. Bh4 Rf7
28. Ng3 Rhf8 29. f5 Nc7 30. Re2 exf5 31. Qf4 Qa5 32. Rae1 Qxc3 33. Qxc7 Qxd4+
34. Kf1 Qxh4 35. Bxd5 f4 36. Nf5 f3 37. Bxf3 Qg5 38. Nd6 Rxf3+ 39. gxf3 Rxf3+
40. Rf2 Bh3+ 41. Ke2 Rxf2+ 42. Kxf2 Qf4+ 43. Kg1 Qg3+ 0-1

[Event "Wch Juvenil 2013 sub-16"]
[Site "Al-Ain UAE"]
[Date "2013.12.26"]
[Round "9.7"]
[White "Mosadeghpour, Masoud"]
[Black "Vorontsov, Pavlo"]
[Result "1-0"]
[WhiteElo "2230"]
[BlackElo "2392"]
[PlyCount "115"]
[EventDate "2013.12.19"]
[EventType "swiss"]
[EventRounds "11"]
[EventCountry "UAE"]
[Source "lmi"]
[SourceDate "2013.12.19"]

1. e4 c5 2. d4 cxd4 3. c3 d3 4. Bxd3 Nc6 5. Nf3 d6 6. O-O g6 7. Qe2 Bg7 8. Rd1
Bg4 9. Bf4 Nf6 10. Nbd2 O-O 11. h3 Bxf3 12. Nxf3 Nd7 13. Bc4 Qc7 14. Bd5 Nce5
15. Nxe5 Bxe5 16. Bxe5 Nxe5 17. Qe3 Nd7 18. Rd4 Rac8 19. Rad1 b5 20. e5 Nxe5
21. Qh6 e6 22. Rh4 Rfe8 23. Qxh7+ Kf8 24. Qh6+ Ke7 25. Qg5+ Kd7 26. Bb3 Kc6 27.
a4 a6 28. Rhd4 d5 29. axb5+ axb5 30. Qf6 Kb7 31. Rb4 Rb8 32. Rxb5+ Kc8 33.
Rxb8+ Kxb8 34. Ra1 Rd8 35. Qh4 d4 36. cxd4 Nc6 37. Rc1 Rxd4 38. Qh8+ Qd8 39.
Qg7 Na5 40. Qe5+ Kb7 41. Bc2 Qd5 42. Qf6 e5 43. f3 Ka7 44. Be4 Qd7 45. Qxe5
Rd1+ 46. Rxd1 Qxd1+ 47. Kh2 Qd8 48. Qc5+ Kb8 49. b4 Nb7 50. Qc6 Nd6 51. Qa8+
Kc7 52. Qxd8+ Kxd8 53. Bd3 Ke7 54. b5 Nc8 55. Kg3 Nb6 56. Kf4 Kf6 57. Ke4 Ke6
58. h4 1-0

[Event "Wch Juvenil 2013 sub-16"]
[Site "Al-Ain UAE"]
[Date "2013.12.26"]
[Round "9.8"]
[White "Bluebaum, Matthias"]
[Black "Kourkoulos-Arditis, Stamatis"]
[Result "1-0"]
[WhiteElo "2529"]
[BlackElo "2297"]
[PlyCount "43"]
[EventDate "2013.12.19"]
[EventType "swiss"]
[EventRounds "11"]
[EventCountry "UAE"]
[Source "lmi"]
[SourceDate "2013.12.19"]

1. d4 Nf6 2. c4 e6 3. Nf3 b6 4. g3 Ba6 5. b3 Bb7 6. Bg2 Bb4+ 7. Bd2 a5 8. O-O
O-O 9. Qc2 d6 10. Bc3 Nbd7 11. a3 Bxc3 12. Nxc3 Re8 13. e4 e5 14. Rad1 Qe7 15.
Rfe1 g6 16. Nd5 Nxd5 17. cxd5 Rac8 18. dxe5 dxe5 19. Bh3 Qd6 20. Nd2 b5 21. Qc3
c6 22. Nc4 1-0

[Event "Wch Juvenil 2013 sub-16"]
[Site "Al-Ain UAE"]
[Date "2013.12.26"]
[Round "9.9"]
[White "Ali Marandi, Cemil Can"]
[Black "Salomon, Johan"]
[Result "0-1"]
[WhiteElo "2391"]
[BlackElo "2269"]
[PlyCount "128"]
[EventDate "2013.12.19"]
[EventType "swiss"]
[EventRounds "11"]
[EventCountry "UAE"]
[Source "lmi"]
[SourceDate "2013.12.19"]

1. e4 e5 2. Nf3 Nc6 3. Bb5 Nf6 4. O-O Nxe4 5. d4 Nd6 6. Bxc6 dxc6 7. dxe5 Nf5
8. Qxd8+ Kxd8 9. Rd1+ Ke8 10. Nc3 h6 11. b3 Be6 12. Bb2 Be7 13. Ne2 g5 14. Nfd4
Nxd4 15. Nxd4 Rd8 16. Kf1 Bc5 17. Nxe6 fxe6 18. Ke2 Kf7 19. f3 Be7 20. Rxd8
Rxd8 21. Rd1 Rd5 22. g4 Kg6 23. c4 Rxd1 24. Kxd1 h5 25. h3 hxg4 26. hxg4 Kf7
27. Bd4 c5 28. Be3 a6 29. Kc2 Kg6 30. Bd2 Kf7 31. a3 b6 32. b4 cxb4 33. axb4
Kg6 34. Kb3 Kf7 35. Be3 Bd8 36. c5 Kg6 37. b5 a5 38. c6 Kf7 39. f4 gxf4 40.
Bxf4 Kg6 41. Be3 Kh7 42. Ka4 Kg6 43. Bd2 Kf7 44. Bxa5 Kg6 45. Bd2 Bg5 46. Bb4
Bd8 47. Bf8 Kg5 48. Bg7 Kg6 49. Bh8 Bh4 50. Kb3 Kg5 51. Kc4 Kxg4 52. Bg7 Kf5
53. Bf8 Bg3 54. Bc5 Bxe5 55. Bf2 Ke4 56. Bg1 Bd6 57. Bf2 Kf4 58. Bd4 Kf3 59.
Bg1 Ke2 60. Kc3 e5 61. Kc4 e4 62. Kd5 e3 63. Ke4 Bc5 64. Bh2 Kf2 0-1

[Event "Wch Juvenil 2013 sub-16"]
[Site "Al-Ain UAE"]
[Date "2013.12.26"]
[Round "9.10"]
[White "Tran, Tuan Minh"]
[Black "Harutyunian, Tigran K"]
[Result "1/2-1/2"]
[WhiteElo "2330"]
[BlackElo "2390"]
[PlyCount "109"]
[EventDate "2013.12.19"]
[EventType "swiss"]
[EventRounds "11"]
[EventCountry "UAE"]
[Source "lmi"]
[SourceDate "2013.12.19"]

1. d4 d5 2. c4 e6 3. Nf3 Nf6 4. g3 Bb4+ 5. Bd2 Be7 6. Bg2 O-O 7. Qc2 c6 8. O-O
b6 9. Nc3 Ba6 10. cxd5 cxd5 11. Ne5 Nfd7 12. f4 Nxe5 13. fxe5 Nc6 14. Be3 Rc8
15. Rf3 b5 16. a3 Qb6 17. Rd1 b4 18. axb4 Nxb4 19. Qd2 Nc6 20. Ra1 Bb4 21. Bf2
Na5 22. Qf4 Bxc3 23. bxc3 Bxe2 24. Re3 Qb2 25. Rxa5 Qc1+ 26. Be1 Qxe1+ 27. Bf1
Qxf1+ 28. Qxf1 Bxf1 29. Kxf1 Rc7 30. Ke2 Rb8 31. Kd3 Rb2 32. Rc5 Rbb7 33. Re2
Kf8 34. Ra2 Ke7 35. c4 dxc4+ 36. Kxc4 Rd7 37. Rca5 h5 38. h3 g5 39. R2a3 Kf8
40. d5 exd5+ 41. Kd4 Kg7 42. R3a4 Rb1 43. Rxa7 Rd1+ 44. Kc5 Rxa7 45. Rxa7 Kg6
46. g4 h4 47. Ra3 d4 48. Kc4 Kg7 49. Rd3 Rf1 50. Kxd4 Kf8 51. Ra3 Rf4+ 52. Kd5
Kg7 53. Ra7 Kg6 54. Ra6+ Kg7 55. Ra7 1/2-1/2

[Event "Wch Juvenil 2013 sub-16"]
[Site "Al-Ain UAE"]
[Date "2013.12.26"]
[Round "9.11"]
[White "Akhmetov, Ayan"]
[Black "Ibrahim, Sultan"]
[Result "1-0"]
[WhiteElo "2382"]
[BlackElo "1954"]
[PlyCount "115"]
[EventDate "2013.12.19"]
[EventType "swiss"]
[EventRounds "11"]
[EventCountry "UAE"]
[Source "lmi"]
[SourceDate "2013.12.19"]

1. e4 e6 2. d4 d5 3. e5 c5 4. c3 Nc6 5. Ne2 Qb6 6. g3 cxd4 7. cxd4 f6 8. exf6
Nxf6 9. Bg2 Bd6 10. O-O O-O 11. Nbc3 Kh8 12. Na4 Qc7 13. Bf4 e5 14. dxe5 Nxe5
15. Rc1 Qf7 16. Qd4 Qh5 17. f3 b6 18. Nec3 Nc6 19. Qd2 Bxf4 20. Qxf4 Bh3 21. g4
Qh4 22. Qg3 Qxg3 23. hxg3 Bxg2 24. Kxg2 h6 25. Nb5 Ne5 26. b3 Rf7 27. Nd4 g6
28. Nc3 Rc8 29. Ncb5 Rc5 30. Rh1 Ng8 31. g5 Rxc1 32. Rxc1 hxg5 33. Ne6 g4 34.
f4 Nf3 35. Nd6 Rh7 36. Kf2 Rh2+ 37. Ke3 Ne7 38. Nd4 Nxd4 39. Kxd4 Rxa2 40. Rc7
Re2 41. Kd3 Re6 42. Nf7+ Kg8 43. Ng5 Re1 44. Kd2 Rg1 45. Rxe7 Rxg3 46. Ne6 Rxb3
47. Rg7+ Kh8 48. Rxg6 g3 49. Nd4 Rb2+ 50. Ke3 g2 51. f5 Kh7 52. Rg4 g1=Q+ 53.
Rxg1 Rh2 54. Kf4 Rh4+ 55. Ke5 Re4+ 56. Kxd5 Rf4 57. Ke5 Rf2 58. f6 1-0

[Event "Wch Juvenil 2013 sub-16"]
[Site "Al-Ain UAE"]
[Date "2013.12.26"]
[Round "9.12"]
[White "Sardana, Rishi"]
[Black "Azarya, Jodi Setyaki"]
[Result "0-1"]
[WhiteElo "2373"]
[BlackElo "2112"]
[PlyCount "104"]
[EventDate "2013.12.19"]
[EventType "swiss"]
[EventRounds "11"]
[EventCountry "UAE"]
[Source "lmi"]
[SourceDate "2013.12.19"]

1. e4 c6 2. d4 g6 3. Nf3 Bg7 4. Bd3 d5 5. exd5 cxd5 6. c3 Nc6 7. Bf4 Nh6 8. O-O
O-O 9. Re1 f6 10. Bxh6 Bxh6 11. c4 Kh8 12. cxd5 Qxd5 13. Nc3 Qd6 14. d5 Nb4 15.
Be2 Bd7 16. a3 Na6 17. Bb5 Bxb5 18. Nxb5 Qd7 19. Nc3 Rac8 20. Qe2 Rfe8 21. Rad1
Bf4 22. g3 Bd6 23. Ne4 Nc5 24. Nd4 Nxe4 25. Qxe4 Rc4 26. Qe2 Rec8 27. Nc6 Rc5
28. b4 Rc3 29. Nxa7 R8c4 30. Qe6 Qa4 31. Qf7 h5 32. Qf8+ Kh7 33. Qf7+ Kh8 34.
Qf8+ Kh7 35. Nc6 bxc6 36. Qf7+ Kh6 37. Qf8+ Kg5 38. h4+ Kg4 39. Qc8+ f5 40. Qe6
Qc2 41. Rc1 Qd3 42. Rxc3 Rxc3 43. Re3 Kh3 44. g4+ Qxe3 45. fxe3 Kg3 46. Kf1 Kf3
47. Ke1 Rxe3+ 48. Qxe3+ Kxe3 49. gxh5 gxh5 50. dxc6 Kd4 51. b5 Bc7 52. a4 e5
0-1

[Event "Wch Juvenil 2013 sub-16"]
[Site "Al-Ain UAE"]
[Date "2013.12.26"]
[Round "9.13"]
[White "Brown, Michael William"]
[Black "Wang, Richard"]
[Result "1-0"]
[WhiteElo "2272"]
[BlackElo "2362"]
[PlyCount "107"]
[EventDate "2013.12.19"]
[EventType "swiss"]
[EventRounds "11"]
[EventCountry "UAE"]
[Source "lmi"]
[SourceDate "2013.12.19"]

1. d4 d5 2. c4 c6 3. Nc3 dxc4 4. e4 b5 5. a4 b4 6. Na2 Nf6 7. e5 Nd5 8. Bxc4 e6
9. Nf3 a5 10. Bg5 Qb6 11. O-O h6 12. Bh4 Ba6 13. b3 Ne7 14. Bxe7 Bxe7 15. Qe2
O-O 16. Rac1 Bxc4 17. Rxc4 Nd7 18. Nc1 Qc7 19. Rc2 Nb6 20. Qe4 Rac8 21. Ne2 Nd5
22. Rfc1 Qb6 23. Ne1 Rfd8 24. Rc4 Rc7 25. Qc2 Rdc8 26. Nd3 Qa7 27. Qd2 c5 28.
Nxc5 Bxc5 29. dxc5 Rxc5 30. Qd4 Rxc4 31. Rxc4 Qa6 32. Rxc8+ Qxc8 33. Qd2 Qc5
34. Kf1 Nc3 35. Qd8+ Kh7 36. Qd4 Qc6 37. Qd3+ g6 38. Qf3 Qc7 39. Qe3 Qc6 40.
Qf3 Qc7 41. Qe3 Kg7 42. h3 Nxa4 43. bxa4 Qc2 44. f4 Qxa4 45. Qd4 Qb5 46. Qd8
Qb7 47. Qxa5 b3 48. Qa1 b2 49. Qb1 Qb4 50. Kf2 Qa3 51. Ke1 Qb4+ 52. Kd1 Qb3+
53. Kd2 Qd5+ 54. Ke1 1-0

[Event "Wch Juvenil 2013 sub-16"]
[Site "Al-Ain UAE"]
[Date "2013.12.26"]
[Round "9.14"]
[White "Khodashenas, Mersad"]
[Black "Saiyn, Zhanat"]
[Result "1/2-1/2"]
[WhiteElo "2182"]
[BlackElo "2360"]
[PlyCount "107"]
[EventDate "2013.12.19"]
[EventType "swiss"]
[EventRounds "11"]
[EventCountry "UAE"]
[Source "lmi"]
[SourceDate "2013.12.19"]

1. e4 c5 2. Nf3 e6 3. d4 cxd4 4. Nxd4 Nc6 5. Nc3 Qc7 6. f4 a6 7. Nxc6 bxc6 8.
e5 d6 9. exd6 Bxd6 10. Qf3 Nf6 11. Bd3 Bb7 12. Ne4 Be7 13. Nxf6+ Bxf6 14. Be4
Bh4+ 15. g3 Be7 16. Qe2 O-O 17. O-O c5 18. c3 Rfd8 19. Bxb7 Qxb7 20. Be3 Rab8
21. Rf2 Rd7 22. Raf1 g6 23. Bc1 Qd5 24. c4 Qf5 25. b3 Bf6 26. g4 Qd3 27. Be3
Rc8 28. Qf3 Bd4 29. Rd1 Bxe3 30. Rxd3 Rxd3 31. Kg2 Rcd8 32. Rf1 Rd2+ 33. Kh1
Bd4 34. f5 exf5 35. gxf5 Rf8 36. a3 Rb2 37. h4 f6 38. b4 Be5 39. Kg1 cxb4 40.
axb4 Rxb4 41. fxg6 hxg6 42. h5 gxh5 43. Qxh5 Rf7 44. Rd1 Rb8 45. Kf2 Rg7 46.
Rd2 a5 47. Ra2 Rg5 48. Qd1 Bc3 49. Kf3 Rf5+ 50. Ke4 Re5+ 51. Kf3 Rf5+ 52. Ke4
Re5+ 53. Kf3 Rf5+ 54. Ke4 1/2-1/2

[Event "Wch Juvenil 2013 sub-16"]
[Site "Al-Ain UAE"]
[Date "2013.12.26"]
[Round "9.15"]
[White "Wagner, Dennis"]
[Black "Nuri, Murad"]
[Result "1-0"]
[WhiteElo "2467"]
[BlackElo "2250"]
[PlyCount "59"]
[EventDate "2013.12.19"]
[EventType "swiss"]
[EventRounds "11"]
[EventCountry "UAE"]
[Source "lmi"]
[SourceDate "2013.12.19"]

1. Nf3 Nf6 2. c4 g6 3. Nc3 Bg7 4. e4 d6 5. d4 O-O 6. Be2 c5 7. O-O cxd4 8. Nxd4
Nc6 9. Be3 Nxd4 10. Bxd4 Bd7 11. Qd3 Bc6 12. b4 b6 13. f4 Nd7 14. Bxg7 Kxg7 15.
Rad1 Qb8 16. Qd4+ Kg8 17. h4 Rd8 18. h5 a5 19. a3 axb4 20. axb4 Qc7 21. hxg6
hxg6 22. Rd3 Nf6 23. Rh3 Kg7 24. g4 e5 25. fxe5 dxe5 26. Qf2 Ng8 27. Qh4 Kf8
28. Qh8 Be8 29. Rh7 Ke7 30. Qxg8 1-0

[Event "Wch Juvenil 2013 sub-16"]
[Site "Al-Ain UAE"]
[Date "2013.12.26"]
[Round "9.16"]
[White "Sanal, Vahap"]
[Black "Barros Rivadeneira, Cristhian"]
[Result "1-0"]
[WhiteElo "2397"]
[BlackElo "2243"]
[PlyCount "133"]
[EventDate "2013.12.19"]
[EventType "swiss"]
[EventRounds "11"]
[EventCountry "UAE"]
[Source "lmi"]
[SourceDate "2013.12.19"]

1. e4 c5 2. Nf3 Nc6 3. d4 cxd4 4. Nxd4 g6 5. c4 Bg7 6. Be3 Nf6 7. Nc3 O-O 8.
Be2 Nxd4 9. Bxd4 d6 10. O-O Bd7 11. f3 Bc6 12. Qd2 a5 13. Rac1 Nd7 14. Be3 Nc5
15. Rfd1 Qb6 16. Nb5 Rfc8 17. b3 h5 18. Kh1 Qd8 19. Rc2 Kh7 20. Nc3 Qf8 21. Nd5
Bxd5 22. Qxd5 Rc7 23. Bf1 Kg8 24. g3 Qe8 25. Bg2 Qc6 26. Qd2 Qb6 27. Qe1 Qb4
28. Bd2 Qb6 29. Qe3 Nd7 30. Qxb6 Nxb6 31. Be3 Nd7 32. f4 a4 33. b4 Rac8 34. Bh3
Rxc4 35. Rxc4 Rxc4 36. Bxd7 Rxb4 37. Rd3 Rxe4 38. a3 e6 39. Bb5 d5 40. Kg2 Bb2
41. Kf3 Kg7 42. Bc5 h4 43. Re3 Bd4 44. Bxd4+ Rxd4 45. Rd3 Re4 46. Rd1 f6 47.
Bd3 Rd4 48. Ke3 e5 49. Rb1 g5 50. Rxb7+ Kf8 51. fxe5 fxe5 52. Bb5 Re4+ 53. Kf3
g4+ 54. Kf2 hxg3+ 55. hxg3 Rd4 56. Ra7 Rd2+ 57. Be2 d4 58. Ke1 Ra2 59. Rxa4
Ra1+ 60. Bd1 Ke7 61. Kd2 Ra2+ 62. Kd3 Rg2 63. Ke4 Rxg3 64. Kxe5 Rg1 65. Rxd4 g3
66. Kf4 Re1 67. Bf3 1-0

[Event "Wch Juvenil 2013 sub-16"]
[Site "Al-Ain UAE"]
[Date "2013.12.26"]
[Round "9.17"]
[White "Toma, Radu-Cristian"]
[Black "Repka, Christopher"]
[Result "1-0"]
[WhiteElo "2245"]
[BlackElo "2391"]
[PlyCount "83"]
[EventDate "2013.12.19"]
[EventType "swiss"]
[EventRounds "11"]
[EventCountry "UAE"]
[Source "lmi"]
[SourceDate "2013.12.19"]

1. d4 e6 2. Nf3 Nf6 3. c4 b6 4. g3 Ba6 5. Qc2 Bb7 6. Bg2 c5 7. O-O Nc6 8. dxc5
Bxc5 9. a3 O-O 10. Nc3 Be7 11. b4 Rc8 12. Rd1 d6 13. Bf4 a6 14. Rac1 Nb8 15.
Qb3 Nh5 16. Be3 Nd7 17. Nd4 Bxg2 18. Kxg2 Qc7 19. Nb1 Qb7+ 20. Kg1 Rc7 21. b5
Nc5 22. Qc2 axb5 23. cxb5 d5 24. Nc6 Bd6 25. Nd2 Rd7 26. Nf3 f5 27. a4 Ne4 28.
Nce5 Rc7 29. Qb2 f4 30. Bd4 fxg3 31. hxg3 Bxe5 32. Nxe5 Rc4 33. Nxc4 dxc4 34.
Rxc4 Qf7 35. Qb1 Qg6 36. Be5 Qf5 37. Qxe4 Qxf2+ 38. Kh1 Kh8 39. Rcd4 Nxg3+ 40.
Bxg3 Qxg3 41. Rd8 Qh4+ 42. Qxh4 1-0

[Event "Wch Juvenil 2013 sub-16"]
[Site "Al-Ain UAE"]
[Date "2013.12.26"]
[Round "9.18"]
[White "Hua, David A"]
[Black "Bodek, Michael H"]
[Result "0-1"]
[WhiteElo "2229"]
[BlackElo "2382"]
[PlyCount "94"]
[EventDate "2013.12.19"]
[EventType "swiss"]
[EventRounds "11"]
[EventCountry "UAE"]
[Source "lmi"]
[SourceDate "2013.12.19"]

1. d4 g6 2. e4 Bg7 3. Nc3 c6 4. f4 d5 5. e5 Qb6 6. Be2 Nh6 7. Nf3 Bg4 8. O-O
Nd7 9. Na4 Qa5 10. b3 b5 11. Nb2 Nf5 12. c4 bxc4 13. bxc4 O-O 14. h3 Bxf3 15.
Rxf3 c5 16. Bd2 Qd8 17. Bc3 cxd4 18. Bxd4 Nxd4 19. Qxd4 dxc4 20. Qe3 c3 21.
Qxc3 f6 22. Nd3 Qb6+ 23. Kh1 Rac8 24. Qe1 fxe5 25. fxe5 Qd4 26. Rd1 Nxe5 27.
Nxe5 Qxe5 28. Rxf8+ Kxf8 29. Qf2+ Bf6 30. Bf3 Rc7 31. Qd2 Kg7 32. Qf2 Qf5 33.
Qe1 Rc4 34. Bd5 Rf4 35. Be6 Qb5 36. Rb1 Qg5 37. Rd1 Be5 38. Bd5 Bd6 39. Bb3 Rf6
40. Qg1 Qg3 41. Bc4 Qf4 42. Bd3 Qg3 43. Bc4 Rf2 44. Bd5 h5 45. Bb3 Bc5 46. Rf1
Re2 47. Qh2 Re1 0-1

[Event "Wch Juvenil 2013 sub-16"]
[Site "Al-Ain UAE"]
[Date "2013.12.26"]
[Round "9.19"]
[White "Eggink, Ryszard"]
[Black "Lampert, Jonas"]
[Result "1/2-1/2"]
[WhiteElo "2165"]
[BlackElo "2378"]
[PlyCount "88"]
[EventDate "2013.12.19"]
[EventType "swiss"]
[EventRounds "11"]
[EventCountry "UAE"]
[Source "lmi"]
[SourceDate "2013.12.19"]

1. d4 d5 2. c4 c6 3. Nf3 Nf6 4. Nc3 e6 5. e3 Nbd7 6. Qc2 Bd6 7. Bd3 O-O 8. O-O
dxc4 9. Bxc4 b5 10. Bd3 Bb7 11. a3 Rc8 12. h3 c5 13. Nxb5 cxd4 14. Qe2 Ne5 15.
Nxe5 Bxe5 16. Nxd4 Bb8 17. Rd1 Qc7 18. Nf3 Rfd8 19. e4 Nxe4 20. Be3 Nc5 21.
Rac1 Bxf3 22. Qxf3 Qh2+ 23. Kf1 Nxd3 24. Rxd3 Rxc1+ 25. Bxc1 Rf8 26. Be3 Qh1+
27. Ke2 Qb1 28. Rd2 h6 29. Bc5 Rc8 30. b4 a5 31. Qd3 Qa1 32. Qd4 Qb1 33. Qd3
Qa1 34. Qd7 Qe5+ 35. Kf1 Rc7 36. Qd4 Qf5 37. Qd8+ Kh7 38. Qd3 Kg6 39. Qxf5+
Kxf5 40. g4+ Kf6 41. a4 axb4 42. Bxb4 Rc4 43. Rb2 Rc1+ 44. Kg2 Ke5 1/2-1/2

[Event "Wch Juvenil 2013 sub-16"]
[Site "Al-Ain UAE"]
[Date "2013.12.26"]
[Round "9.20"]
[White "Kumsiashvili, Nikoloz"]
[Black "Faizrakhmanov, Ramil"]
[Result "1-0"]
[WhiteElo "2126"]
[BlackElo "2357"]
[PlyCount "154"]
[EventDate "2013.12.19"]
[EventType "swiss"]
[EventRounds "11"]
[EventCountry "UAE"]
[Source "lmi"]
[SourceDate "2013.12.19"]

1. d4 Nf6 2. c4 e6 3. Nf3 d5 4. Nc3 Be7 5. cxd5 exd5 6. Bg5 c6 7. Qc2 g6 8. e3
Bf5 9. Bd3 Bxd3 10. Qxd3 Nbd7 11. O-O-O b5 12. Nd2 b4 13. Na4 Qa5 14. Qc2 O-O
15. Kb1 Rac8 16. Rc1 Rfe8 17. Bxf6 Nxf6 18. Nc5 Bxc5 19. Nb3 Qc7 20. Nxc5 a5
21. Qd2 Kg7 22. f3 Re7 23. g4 Rce8 24. Rhe1 Nd7 25. Nd3 f6 26. Rc2 Nb6 27. b3
Nc8 28. g5 fxg5 29. Ne5 Na7 30. Rec1 Rxe5 31. dxe5 Qxe5 32. Qd4 Qxd4 33. exd4
Nb5 34. Rxc6 Re2 35. R1c5 Re1+ 36. Rc1 Re2 37. R1c5 Nxd4 38. Rc7+ Kf6 39. h3
Ne6 40. R5c6 h5 41. Rd7 Re3 42. Rdd6 Re5 43. Ra6 Ke7 44. Rdb6 d4 45. Kc2 Kf6
46. Kd2 Re3 47. Rd6 Kf5 48. Rxd4 Rxf3 49. Rxa5+ Kf6 50. Rd6 Rf4 51. Ke3 Rf1 52.
Rb6 g4 53. hxg4 hxg4 54. Raa6 Re1+ 55. Kf2 Re5 56. Rxb4 Kf5 57. Raa4 g5 58.
Rxg4 Nf4 59. Kf3 Ng6 60. Rge4 Rc5 61. Re3 Nf4 62. b4 Rc4 63. Ra5+ Kf6 64. a3
Ng6 65. Kg3 Nf4 66. Ree5 Nh5+ 67. Kf2 Nf4 68. Rf5+ Ke6 69. Rae5+ Kd6 70. Re3
Rc2+ 71. Kf3 Nh3 72. Kg3 Nf4 73. Rxg5 Ne2+ 74. Kf3 Nd4+ 75. Ke4 Nc6 76. Rd3+
Kc7 77. Rc5 Re2+ 1-0

[Event "Wch Juvenil 2013 sub-16"]
[Site "Al-Ain UAE"]
[Date "2013.12.26"]
[Round "9.30"]
[White "Cortes Orihuela, Javier"]
[Black "Kessler, Luca"]
[Result "1-0"]
[WhiteElo "2131"]
[BlackElo "2249"]
[PlyCount "79"]
[EventDate "2013.12.19"]
[EventType "swiss"]
[EventRounds "11"]
[EventCountry "UAE"]
[Source "lmi"]
[SourceDate "2013.12.19"]

1. d4 Nf6 2. c4 e6 3. g3 d5 4. Nf3 dxc4 5. Bg2 Bd7 6. Ne5 Bc6 7. Nxc6 Nxc6 8.
Qa4 Bb4+ 9. Bd2 Nd5 10. Bxb4 Ndxb4 11. a3 Nd5 12. Qxc4 Qd7 13. e3 O-O-O 14. O-O
h5 15. Nc3 Nxc3 16. bxc3 Ne7 17. Rfb1 c6 18. Rb2 Qd6 19. Rab1 Rd7 20. Qa4 Kb8
21. Qa6 Qc7 22. c4 Qc8 23. Qa5 Ka8 24. a4 Rc7 25. Qc3 f6 26. a5 a6 27. Rb6 Qd7
28. Qb2 h4 29. gxh4 Qc8 30. f4 Rxh4 31. Qf2 Rh5 32. c5 Nd5 33. R6b3 f5 34. Bf3
Rh8 35. Be2 Qd7 36. Bf1 Rg8 37. Kh1 g5 38. fxg5 Rxg5 39. e4 fxe4 40. Bxa6 1-0

[Event "Wch Juvenil 2013 sub-16"]
[Site "Al-Ain UAE"]
[Date "2013.12.26"]
[Round "9.42"]
[White "Pamatmat, Jarod M"]
[Black "Haavamae, Henrik"]
[Result "0-1"]
[WhiteElo "2164"]
[BlackElo "2023"]
[PlyCount "56"]
[EventDate "2013.12.19"]
[EventType "swiss"]
[EventRounds "11"]
[EventCountry "UAE"]
[Source "lmi"]
[SourceDate "2013.12.19"]

1. d4 Nf6 2. c4 e6 3. Nc3 Bb4 4. e3 O-O 5. Nge2 d5 6. a3 Bd6 7. cxd5 exd5 8.
Ng3 Re8 9. Bd3 c6 10. O-O Nbd7 11. Qc2 Nf8 12. b4 a6 13. f3 Ne6 14. Nce2 h5 15.
Bb2 Qc7 16. Rfe1 h4 17. Nf1 h3 18. Neg3 Ng5 19. Nf5 Bf8 20. Nd2 g6 21. Ng3 Bd6
22. f4 hxg2 23. fxg5 Bxg3 24. gxf6 Bxh2+ 25. Kxg2 Qg3+ 26. Kh1 Bg4 27. e4 Bg1
28. Nf1 Bf3+ 0-1

[Event "Wch Juvenil 2013 sub-16"]
[Site "Al-Ain UAE"]
[Date "2013.12.26"]
[Round "9.52"]
[White "Taalaibekov, Tagir"]
[Black "Rydstrom, Tom"]
[Result "0-1"]
[WhiteElo "1927"]
[BlackElo "2156"]
[PlyCount "78"]
[EventDate "2013.12.19"]
[EventType "swiss"]
[EventRounds "11"]
[EventCountry "UAE"]
[Source "lmi"]
[SourceDate "2013.12.19"]

1. d4 d5 2. c4 dxc4 3. Nf3 c6 4. a4 Nf6 5. e3 Be6 6. Na3 Bd5 7. Nxc4 e6 8. Be2
Nbd7 9. O-O Be7 10. b3 O-O 11. Bb2 c5 12. Nfe5 Rc8 13. Bf3 Qc7 14. Rc1 Rfd8 15.
Bxd5 exd5 16. Nd2 Nxe5 17. dxe5 Nd7 18. f4 Qb6 19. f5 c4 20. Bd4 Bc5 21. a5
Qxa5 22. Nf3 b5 23. e6 Bxd4 24. exd4 Nf6 25. Ne5 fxe6 26. fxe6 Qc7 27. Rc3 Qe7
28. Nf7 Re8 29. Re3 Rc6 30. Rfe1 b4 31. bxc4 Rxc4 32. Rg3 Kf8 33. Qd2 Ne4 34.
Qf4 Qf6 35. Rf3 Qxd4+ 36. Kh1 Nf2+ 37. Rxf2 Qxf4 38. Rxf4 Rxf4 39. Ng5 h6 0-1